[Event "Niederrhein-ch"]
[Site "Solingen"]
[Date "2015.04.01"]
[Round "5"]
[White "Kappelt, Joerg"]
[Black "Brueggemann, Juergen"]
[Result "0-1"]
[WhiteElo "2203"]
[BlackElo "2113"]
[PlyCount "146"]
[EventDate "2015.03.28"]
[EventType "swiss"]
[EventRounds "7"]
[EventCountry "GER"]
[SourceTitle "EXT 2016"]
[Source "ChessBase"]
[SourceDate "2015.10.08"]
[SourceVersion "1"]
[SourceVersionDate "2015.10.08"]
[SourceQuality "1"]

1. e4 d5 2. Nc3 dxe4 3. Nxe4 e6 4. d4 Nd7 5. Nf3 Ngf6 6. Nxf6+ Nxf6 7. Bd3 Be7 8. 0-0 0-0 9. c3 b6 10. Qe2 Bb7 11. Bf4 Rc8 12. Rfd1 Qd5 13. a4 Qh5 14. a5 Bd6 15. Ne5 Qxe2 16. Bxe2 Rfd8 17. Bg3 Ra8 18. Nc4 Bxg3 19. hxg3 Kf8 20. Ne5 Nd7 21. Nd3 c5 22. axb6 axb6 23. Rxa8 Rxa8 24. dxc5 bxc5 25. Ne1 Ke7 26. Bb5 Ne5 27. f4 Bc6 28. Be2 Nd7 29. Kf2 Ra2 30. Rd2 Nb6 31. Ke3 Na4 32. Bd1 Rxb2 33. Bxa4 Rxd2 34. Bxc6 Rd1 35. Nd3 Kd6 36. Bf3 Ra1 37. Ne5 f6 38. Nc4+ Ke7 39. Nd2 Ra3 40. Kd3 Ra4 41. Ne4 h6 42. Nxc5 Ra3 43. Bg4 f5 44. Bf3 g5 45. Kd4 Kd6 46. Nd3 Ra2 47. Ne5 g4 48. Bb7 Kc7 49. Bc6 h5 50. Ke3 Ra3 51. Kd3 Ra2 52. Kc4 Kd6 53. Kb3 Re2 54. Ba8 Kc7 55. Kb4 Re3 56. c4 Rxg3 57. Ng6 Re3 58. Kc5 Ra3 59. Bc6 Ra5+ 60. Bb5 Ra2 61. Nf8 Re2 62. g3 Re3 63. Be8 Kd8 64. Bxh5 Ke7 65. Ng6+ Kf6 66. Ne5 Rxg3 67. Be8 Re3 68. Bc6 g3 69. Kd4 Re2 70. Nf3 g2 71. c5 Re1 72. Bb5 Re4+ 73. Kc3 Re3+ 0-1

[Event "Niederrhein-ch"]
[Site "Krefeld"]
[Date "2013.03.28"]
[Round "6"]
[White "Komans, Dieter"]
[Black "Brueggemann, Juergen"]
[Result "1-0"]
[WhiteElo "2009"]
[BlackElo "1959"]
[PlyCount "207"]
[EventDate "2013.03.23"]
[EventType "swiss"]
[EventRounds "7"]
[EventCountry "GER"]
[SourceTitle "EXT 2015"]
[Source "ChessBase"]
[SourceDate "2014.11.20"]
[SourceVersion "1"]
[SourceVersionDate "2014.11.20"]
[SourceQuality "1"]

1. d4 d5 2. c4 e6 3. Nc3 Nf6 4. Bg5 Be7 5. Nf3 h6 6. Bxf6 Bxf6 7. e4 dxe4 8. Nxe4 b6 9. Nxf6+ Qxf6 10. g3 Bb7 11. Bg2 0-0 12. 0-0 Rd8 13. Qb3 Nd7 14. Rfe1 Nf8 15. Re3 Ng6 16. Rae1 Rab8 17. Qa3 a5 18. d5 exd5 19. cxd5 Bxd5 20. h4 Qd6 21. h5 Qxa3 22. Rxa3 Nf8 23. Nh4 Bxg2 24. Kxg2 Re8 25. Rc1 Ne6 26. Nf5 Rbd8 27. Rf3 Rd2 28. Rc4 c5 29. Re3 Nc7 30. Rf3 Ne6 31. Re3 Kf8 32. Rb3 Rb8 33. Rg4 Nd4 34. Nxd4 Rxd4 35. Rxd4 cxd4 36. Kf3 Ke7 37. Ke4 Kd6 38. Kxd4 b5 39. a4 b4 40. Rf3 Rb7 41. Rf5 Ra7 42. g4 f6 43. b3 Kc6 44. Rb5 Ra8 45. Ke4 Re8+ 46. Kf5 Re2 47. f4 Re3 48. Rxa5 Rxb3 49. Rb5 Rb1 50. Kg6 Rg1 51. g5 fxg5 52. f5 Rf1 53. Rxb4 Rf4 54. Rxf4 gxf4 55. Kxg7 f3 56. f6 f2 57. f7 f1Q 58. f8Q Qg1+ 59. Kxh6 Qe3+ 60. Kg6 Qg3+ 61. Kh7 Qd3+ 62. Kh8 Qd4+ 63. Qg7 Qxa4 64. Qe5 Qg4 65. h6 Kb6 66. Kh7 Ka6 67. Qg7 Qc8 68. Qe5 Qg4 69. Qg7 Qc8 70. Qa1+ Kb5 71. Qf1+ Ka4 72. Qf4+ Ka5 73. Kg6 Qg8+ 74. Kh5 Qe8+ 75. Kg4 Qe2+ 76. Kf5 Qc2+ 77. Kf6 Qc6+ 78. Kg5 Qg2+ 79. Kh4 Qh1+ 80. Kg4 Qd1+ 81. Qf3 Qd4+ 82. Kh3 Qd7+ 83. Qg4 Qd3+ 84. Kh4 Qh7 85. Qe6 Qc2 86. Qd5+ Ka4 87. Qd7+ Ka3 88. h7 Qe4+ 89. Kg5 Qe5+ 90. Kg6 Qg3+ 91. Kf7 Qf4+ 92. Ke6 Qg4+ 93. Kd6 Qg3+ 94. Kc6 Qc3+ 95. Kb7 Qf3+ 96. Ka6 Qe2+ 97. Kb6 Qf2+ 98. Kc6 Qf3+ 99. Qd5 Qh3 100. Qd6+ Ka4 101. Qd7 Qh6+ 102. Kc5+ Kb3 103. Qd3+ Kb2 104. Qd4+ 1-0

[Event "Niederrhein-ch"]
[Site "Krefeld"]
[Date "2013.03.27"]
[Round "5"]
[White "Brueggemann, Juergen"]
[Black "Visser, Dirk"]
[Result "1-0"]
[WhiteElo "1959"]
[BlackElo "1981"]
[PlyCount "85"]
[EventDate "2013.03.23"]
[EventType "swiss"]
[EventRounds "7"]
[EventCountry "GER"]
[SourceTitle "EXT 2015"]
[Source "ChessBase"]
[SourceDate "2014.11.20"]
[SourceVersion "1"]
[SourceVersionDate "2014.11.20"]
[SourceQuality "1"]

1. d4 g6 2. Nf3 Bg7 3. e4 d6 4. c4 Bg4 5. Be2 Nc6 6. Be3 e5 7. d5 Nce7 8. Nc3 Nf6 9. h3 Bc8 10. Nd2 0-0 11. g4 Ne8 12. Qc2 c6 13. Nf1 cxd5 14. cxd5 a6 15. Qb3 b5 16. a4 Bd7 17. axb5 axb5 18. Rxa8 Qxa8 19. Nd2 f5 20. f3 fxg4 21. fxg4 Nc7 22. Rf1 Rb8 23. Qb4 Nc8 24. Nb3 Na6 25. Qa5 Ne7 26. Kf2 Qb7 27. Ra1 Nc7 28. Qa7 Nc8 29. Qxb7 Rxb7 30. Na5 Rb8 31. b4 Bf6 32. Nc6 Bh4+ 33. Kg2 Bxc6 34. dxc6 Ne7 35. Ra7 Rc8 36. Nxb5 Nxb5 37. Bxb5 Nxc6 38. Bxc6 Rxc6 39. b5 Rc3 40. Bg1 Rc2+ 41. Kf3 Rc1 42. Be3 Rc3 43. Ke2 1-0

[Event "Niederrhein-ch"]
[Site "Krefeld"]
[Date "2013.03.24"]
[Round "2"]
[White "Hampel, Ernst"]
[Black "Brueggemann, Juergen"]
[Result "0-1"]
[WhiteElo "1498"]
[BlackElo "1959"]
[PlyCount "94"]
[EventDate "2013.03.23"]
[EventType "swiss"]
[EventRounds "7"]
[EventCountry "GER"]
[SourceTitle "EXT 2015"]
[Source "ChessBase"]
[SourceDate "2014.11.20"]
[SourceVersion "1"]
[SourceVersionDate "2014.11.20"]
[SourceQuality "1"]

1. d4 d5 2. c4 e6 3. cxd5 exd5 4. Nc3 Nf6 5. Nf3 c6 6. Bg5 Be7 7. e3 Bg4 8. h3 Bh5 9. Qb3 Qb6 10. Ne5 Nbd7 11. f4 Nxe5 12. fxe5 Qxb3 13. axb3 Nd7 14. Bxe7 Kxe7 15. Bd3 Bg6 16. Kd2 Rhe8 17. h4 a6 18. h5 Bxd3 19. Kxd3 f6 20. exf6+ Nxf6 21. e4 dxe4+ 22. Nxe4 Nxe4 23. Rae1 Kf6 24. Rxe4 Rxe4 25. Kxe4 Kg5 26. Rh3 Re8+ 27. Kd3 Re7 28. b4 h6 29. b3 Kg4 30. Kc4 Rd7 31. Kd3 Rf7 32. Kc4 Rf2 33. Re3 Rxg2 34. Re7 Kxh5 35. Rxb7 g5 36. Rb6 g4 37. Rxc6 Rc2+ 38. Kd5 Rxc6 39. Kxc6 g3 40. d5 g2 41. d6 g1Q 42. d7 Qd4 43. Kc7 Qc3+ 44. Kb6 Qxb4+ 45. Kxa6 Qd6+ 46. Ka5 Qxd7 47. b4 Kg5 0-1

[Event "Niederrhein-ch "]
[Site "Krefeld"]
[Date "2012.03.31"]
[Round "1"]
[White "Esser, Norbert"]
[Black "Brueggemann, Juergen"]
[Result "1-0"]
[WhiteElo "2127"]
[BlackElo "1986"]
[PlyCount "33"]
[EventDate "2012.03.31"]
[EventType "swiss"]
[EventRounds "7"]
[EventCountry "GER"]
[SourceTitle "EXT 2014"]
[Source "ChessBase"]
[SourceDate "2013.11.20"]
[SourceVersion "1"]
[SourceVersionDate "2013.11.20"]
[SourceQuality "1"]

1. e4 e6 2. d4 d5 3. Nd2 dxe4 4. Nxe4 Nd7 5. Nf3 Ngf6 6. Nxf6+ Nxf6 7. Bd3 c5 8. dxc5 Bxc5 9. 0-0 0-0 10. Bg5 b6 11. Qe2 Bb7 12. Rad1 Qe7 13. Ne5 Rad8 14. Ng4 Rd5 15. Nxf6+ gxf6 16. Qh5 Rxd3 17. Bh6 1-0

[Event "Lower Rhine-ch"]
[Site "Solingen"]
[Date "2011.04.20"]
[Round "5"]
[White "Brueggemann, Juergen"]
[Black "Waagener, Ulrich"]
[Result "0-1"]
[WhiteElo "2194"]
[BlackElo "2228"]
[PlyCount "58"]
[EventDate "2011.04.16"]
[EventType "swiss"]
[EventRounds "7"]
[EventCountry "GER"]
[SourceTitle "CBM 142 Extra"]
[Source "ChessBase"]
[SourceDate "2011.06.27"]
[SourceVersion "1"]
[SourceVersionDate "2011.06.27"]
[SourceQuality "1"]

1. d4 d5 2. Nf3 c6 3. c4 dxc4 4. Nc3 b5 5. a4 b4 6. Ne4 Nf6 7. Nxf6+ exf6 8. e3 Be6 9. Qc2 b3 10. Qc3 Na6 11. Bd2 Nb4 12. Bxc4 Nc2+ 13. Ke2 Nxa1 14. Bxe6 fxe6 15. Qxc6+ Kf7 16. Rxa1 Rb8 17. Bc3 Bd6 18. Qe4 Qd7 19. g4 Bb4 20. Bxb4 Rxb4 21. g5 Qd5 22. gxf6 gxf6 23. Qh4 Qc4+ 24. Ke1 h5 25. Qf4 Ke7 26. Ne5 fxe5 27. Qg5+ Kf7 28. Qxe5 Rh6 29. Qd6 Rb7 0-1

[Event "NRW Class1 0910"]
[Site "Germany"]
[Date "2009.11.22"]
[Round "3.8"]
[White "Brueggemann, Juergen"]
[Black "Wicht, Juergen"]
[Result "1-0"]
[WhiteElo "2230"]
[BlackElo "2147"]
[PlyCount "39"]
[EventDate "2009.09.20"]
[EventType "team-tourn"]
[EventRounds "9"]
[EventCountry "GER"]
[SourceTitle "EXT 2011"]
[Source "ChessBase"]
[SourceDate "2010.11.26"]
[SourceVersion "1"]
[SourceVersionDate "2010.11.26"]
[SourceQuality "1"]
[WhiteTeam "Rheydt"]
[BlackTeam "Elberfeld"]
[WhiteTeamCountry "GER"]
[BlackTeamCountry "GER"]

1. d4 Nf6 2. Nf3 e6 3. c4 Bb4+ 4. Nbd2 c5 5. a3 Bxd2+ 6. Bxd2 cxd4 7. Nxd4 0-0 8. e3 Re8 9. Be2 Ne4 10. 0-0 Nxd2 11. Qxd2 a6 12. Rfd1 Qc7 13. Rac1 Nc6 14. c5 Rb8 15. b4 Nxd4 16. Qxd4 b6 17. Qd6 Qxd6 18. Rxd6 b5 19. Bf3 Kf8 20. Rb6 1-0

[Event "Niederrhein-ch"]
[Site "Moers"]
[Date "2009.04.09"]
[Round "7"]
[White "Zahn, Richard"]
[Black "Brueggemann, Juergen"]
[Result "1/2-1/2"]
[WhiteElo "1966"]
[BlackElo "1987"]
[PlyCount "45"]
[EventDate "2009.04.03"]
[EventType "swiss"]
[EventRounds "9"]
[EventCountry "GER"]
[SourceTitle "EXT 2010"]
[Source "ChessBase"]
[SourceDate "2010.11.25"]
[SourceVersion "1"]
[SourceVersionDate "2010.11.25"]
[SourceQuality "1"]

1. e4 e6 2. d4 d5 3. e5 c5 4. c3 Nc6 5. Nf3 Bd7 6. Bd3 Be7 7. 0-0 h5 8. a3 Nh6 9. Qe2 cxd4 10. Nxd4 Nxd4 11. cxd4 g6 12. Bxh6 Rxh6 13. Nc3 Kf8 14. Rac1 Kg7 15. Qd2 Rh8 16. Ne2 Rc8 17. Rxc8 Qxc8 18. Rc1 Qd8 19. Rc3 Qb8 20. f4 Rc8 21. Rxc8 Qxc8 22. Qc3 Qxc3 23. Nxc3 1/2-1/2

[Event "Niederrhein-ch"]
[Site "Moers"]
[Date "2009.04.07"]
[Round "5"]
[White "Brueggemann, Juergen"]
[Black "Mursaniow, Joerg"]
[Result "1/2-1/2"]
[WhiteElo "1987"]
[BlackElo "1922"]
[PlyCount "47"]
[EventDate "2009.04.03"]
[EventType "swiss"]
[EventRounds "9"]
[EventCountry "GER"]
[SourceTitle "EXT 2010"]
[Source "ChessBase"]
[SourceDate "2010.11.25"]
[SourceVersion "1"]
[SourceVersionDate "2010.11.25"]
[SourceQuality "1"]

1. d4 d5 2. Nf3 Nf6 3. c4 c6 4. g3 g6 5. Bg2 Bg7 6. 0-0 0-0 7. Qb3 e6 8. Nc3 Nbd7 9. Rd1 Qb6 10. Qc2 Re8 11. cxd5 exd5 12. Bf4 Nf8 13. Na4 Qd8 14. Be5 Ne6 15. Rac1 Bh6 16. Bxf6 Qxf6 17. e3 Ng5 18. Nxg5 Bxg5 19. Nc5 Bf5 20. Qd2 Qe7 21. Re1 h5 22. h3 Rad8 23. Nd3 Qe6 24. Nf4 1/2-1/2

[Event "Niederrhein-ch"]
[Site "Moers"]
[Date "2009.04.04"]
[Round "2"]
[White "Vasiljev, Jurij"]
[Black "Brueggemann, Juergen"]
[Result "1-0"]
[WhiteElo "2054"]
[BlackElo "1987"]
[PlyCount "145"]
[EventDate "2009.04.03"]
[EventType "swiss"]
[EventRounds "9"]
[EventCountry "GER"]
[SourceTitle "EXT 2010"]
[Source "ChessBase"]
[SourceDate "2010.11.25"]
[SourceVersion "1"]
[SourceVersionDate "2010.11.25"]
[SourceQuality "1"]

1. d4 d5 2. c4 e6 3. Nc3 Nf6 4. Bg5 Be7 5. Nf3 c6 6. e3 Nbd7 7. Rc1 0-0 8. Bd3 dxc4 9. Bxc4 Nd5 10. Bxe7 Qxe7 11. 0-0 Nxc3 12. Rxc3 e5 13. dxe5 Nxe5 14. Nxe5 Qxe5 15. f4 Qf5 16. Qe2 Be6 17. Bd3 Qg4 18. Qc2 f5 19. h3 Qh4 20. Rc5 g6 21. Bc4 Bxc4 22. Qxc4+ Kg7 23. Qb3 Rf7 24. Re5 Rd8 25. Rd1 Rfd7 26. Rxd7+ Rxd7 27. Kh2 Qf6 28. Re6 Qf7 29. e4 fxe4 30. Qc3+ Kh6 31. Qe5 Rd5 32. Qxe4 Qf5 33. Qe3 Rd3 34. Qe4 Qxe4 35. Rxe4 Rd7 36. Kg3 Kg7 37. Kf3 Kf6 38. g4 Rd2 39. g5+ Kf7 40. Rb4 b6 41. a4 Rd3+ 42. Kg4 c5 43. Rb5 Rd6 44. a5 Rc6 45. f5 gxf5+ 46. Kxf5 h6 47. h4 hxg5 48. hxg5 Rd6 49. axb6 axb6 50. Rb3 c4 51. Rb5 Rc6 52. Rd5 Rc7 53. Rd6 Rc5+ 54. Kg4 b5 55. Rb6 c3 56. bxc3 Rc4+ 57. Kh5 Rxc3 58. Rb7+ Kf8 59. Kh6 Rh3+ 60. Kg6 Ra3 61. Rb8+ Ke7 62. Rxb5 Rg3 63. Kg7 Rg1 64. g6 Re1 65. Rf5 Rh1 66. Re5+ Kd6 67. Re2 Ra1 68. Kh7 Rh1+ 69. Kg8 Ra1 70. g7 Rb1 71. Re4 Kd5 72. Rg4 Kd6 73. Kf7 1-0

[Event "Niederrhein-ch"]
[Site "Niederrhein"]
[Date "2001.04.11"]
[Round "6"]
[White "Brueggemann, Juergen"]
[Black "Dresen, Ulrich"]
[Result "1/2-1/2"]
[WhiteElo "2082"]
[BlackElo "2290"]
[PlyCount "153"]
[EventDate "2001.04.06"]
[EventType "swiss"]
[EventRounds "9"]
[EventCountry "GER"]
[SourceTitle "EXT 2006"]
[Source "ChessBase"]
[SourceDate "2005.11.24"]
[SourceVersion "1"]
[SourceVersionDate "2005.11.24"]
[SourceQuality "1"]

1. d4 d6 2. c4 g6 3. Nc3 Bg7 4. e4 e5 5. dxe5 dxe5 6. Qxd8+ Kxd8 7. f4 Be6 8. Nf3 Nd7 9. fxe5 h6 10. Be3 Ne7 11. Nd5 Nc6 12. 0-0-0 Kc8 13. Nf4 Ndxe5 14. Nxe6 fxe6 15. Be2 b6 16. Nxe5 Nxe5 17. Bd4 Kb7 18. Rhf1 Rad8 19. Bxe5 Bxe5 20. h3 Kc6 21. Kc2 a5 22. a4 Kc5 23. b3 Rd4 24. Bf3 Rf8 25. Rxd4 Kxd4 26. Re1 h5 27. Re2 Bf4 28. e5 Be3 29. Bc6 Rf5 30. Be8 Rxe5 31. Bf7 h4 32. Bg8 Ke4 33. Bf7 g5 34. Bg6+ Kd4 35. Bf7 Re4 36. Bg8 e5 37. Re1 Bf4 38. Rxe4+ Kxe4 39. Bd5+ Ke3 40. Bc6 Bg3 41. Bd5 Be1 42. Bc6 e4 43. Bd5 Kf4 44. Kd1 Bb4 45. Bc6 Bc3 46. Bd5 Bd4 47. Bc6 Bf6 48. Bd5 Bg7 49. Bc6 Bh6 50. Bb7 g4 51. Bc8 Ke3 52. Kc2 Kf2 53. Bxg4 Kxg2 54. Kd1 Kf2 55. Bh5 Kg3 56. Bg4 Kf4 57. Bh5 Bf8 58. Bg4 Bc5 59. Bh5 Ke3 60. Kc2 Kd4 61. Bg4 Ke5 62. Bh5 e3 63. Bg4 Ke4 64. Bh5 Ke5 65. Bg4 Bd4 66. Bh5 c6 67. Bg4 c5 68. Bh5 Kf4 69. Kd1 Bc3 70. Bg4 Bd2 71. Bh5 Kg3 72. Bg4 Kf2 73. Bh5 Bb4 74. Bg4 Kg3 75. Bd7 Kf3 76. Bg4+ Ke4 77. Kc2 1/2-1/2

[Event "Niederrhein-ch"]
[Site "Niederrhein"]
[Date "2001.04.10"]
[Round "5"]
[White "Speck, Stefan"]
[Black "Brueggemann, Juergen"]
[Result "1-0"]
[WhiteElo "2039"]
[BlackElo "2082"]
[PlyCount "69"]
[EventDate "2001.04.06"]
[EventType "swiss"]
[EventRounds "9"]
[EventCountry "GER"]
[SourceTitle "EXT 2006"]
[Source "ChessBase"]
[SourceDate "2005.11.24"]
[SourceVersion "1"]
[SourceVersionDate "2005.11.24"]
[SourceQuality "1"]

1. e4 d5 2. exd5 Qxd5 3. Nc3 Qa5 4. d4 c6 5. Bc4 Bf5 6. Nf3 Nf6 7. Bd2 e6 8. Nd5 Qd8 9. Nxf6+ Qxf6 10. Qe2 Bg4 11. 0-0-0 Be7 12. Bc3 Qf4+ 13. Kb1 0-0 14. Bd2 Qc7 15. h3 Bh5 16. g4 Bg6 17. h4 h5 18. Ne5 Bh7 19. gxh5 Nd7 20. Rhg1 Bf6 21. Bf4 Qd8 22. Nxd7 Qxd7 23. Be5 Qe7 24. Rg3 Kh8 25. Rdg1 Rg8 26. h6 gxh6 27. Qh5 Rxg3 28. Rxg3 Rg8 29. Qxh6 Bxe5 30. Bd3 f5 31. Rxg8+ Kxg8 32. dxe5 b5 33. Qg5+ Qxg5 34. hxg5 f4 35. g6 1-0

[Event "Niederrhein-ch"]
[Site "Niederrhein"]
[Date "2001.04.08"]
[Round "3"]
[White "Schmoll, Heinz"]
[Black "Brueggemann, Juergen"]
[Result "1/2-1/2"]
[WhiteElo "2074"]
[BlackElo "2082"]
[PlyCount "102"]
[EventDate "2001.04.06"]
[EventType "swiss"]
[EventRounds "9"]
[EventCountry "GER"]
[SourceTitle "EXT 2006"]
[Source "ChessBase"]
[SourceDate "2005.11.24"]
[SourceVersion "1"]
[SourceVersionDate "2005.11.24"]
[SourceQuality "1"]

1. c4 e5 2. Nc3 Nf6 3. g3 Bc5 4. Bg2 0-0 5. d3 c6 6. Nf3 Re8 7. 0-0 Bf8 8. Ne1 d5 9. cxd5 Nxd5 10. Nxd5 cxd5 11. Qb3 e4 12. dxe4 dxe4 13. Be3 Nc6 14. Rd1 Qe7 15. Nc2 Bg4 16. Nd4 Rac8 17. Qa4 a6 18. h3 Bd7 19. Nb3 Nb8 20. Qa5 Bb5 21. Nd4 Nc6 22. Nxc6 Rxc6 23. Qd2 Qe6 24. b3 Rd6 25. Qb2 Be7 26. Rxd6 Bxd6 27. Rd1 Be5 28. Qd2 f5 29. Bf1 Bf6 30. Qb4 Qe7 31. Bc5 Qf7 32. h4 f4 33. e3 fxg3 34. fxg3 Qh5 35. Bc4+ Kh8 36. Rf1 Qg4 37. Kh2 Be5 38. Qe1 Bd7 39. Be7 Qh3+ 40. Kg1 Bxg3 41. Qd2 Bg4 42. Qg2 h5 43. Bg5 Qxg2+ 44. Kxg2 Bd6 45. Bf4 Be7 46. Kg3 Rd8 47. Be5 Bf3 48. a4 Rd2 49. Rg1 Bg4 50. Rf1 Bf3 51. Rg1 Bg4 1/2-1/2

[Event "Niederrhein-ch"]
[Site "Niederrhein"]
[Date "2001.04.06"]
[Round "1"]
[White "Biessner, Eberhard"]
[Black "Brueggemann, Juergen"]
[Result "0-1"]
[WhiteElo "1851"]
[BlackElo "2082"]
[PlyCount "92"]
[EventDate "2001.04.06"]
[EventType "swiss"]
[EventRounds "9"]
[EventCountry "GER"]
[SourceTitle "EXT 2006"]
[Source "ChessBase"]
[SourceDate "2005.11.24"]
[SourceVersion "1"]
[SourceVersionDate "2005.11.24"]
[SourceQuality "1"]

1. e4 d5 2. exd5 Qxd5 3. Nc3 Qa5 4. d4 c6 5. Bd2 Bf5 6. Bc4 e6 7. Nd5 Qd8 8. Ne3 Bg6 9. c3 Nf6 10. Ne2 Bd6 11. Ng3 Nbd7 12. Qe2 0-0 13. 0-0 Qc7 14. Bd3 Rfe8 15. Bxg6 hxg6 16. Nc4 Bf4 17. Bxf4 Qxf4 18. Ne5 Rad8 19. Rad1 Nxe5 20. dxe5 Ng4 21. Rfe1 Rd5 22. Rd4 Rxd4 23. cxd4 Rd8 24. Rd1 Rxd4 25. Rxd4 Qxd4 26. h3 Nxe5 27. Ne4 Nd3 28. Nc3 b5 29. a3 a5 30. Nd1 c5 31. Qc2 c4 32. Kf1 Nf4 33. Ne3 Qd3+ 34. Qxd3 Nxd3 35. Nd1 Kf8 36. Ke2 Nc5 37. Ke3 Ke7 38. Nc3 b4 39. axb4 axb4 40. Na2 Nd3 41. Kd4 b3 42. Nc3 Nxb2 43. Nb1 g5 44. Kc3 Nd3 45. Kxc4 Nxf2 46. Kxb3 Nd3 0-1

[Event "Niederrhein-ch"]
[Site "Niederrhein"]
[Date "2000.04.15"]
[Round "2"]
[White "Brueggemann, Juergen"]
[Black "Meis, Carsten"]
[Result "1-0"]
[WhiteElo "2021"]
[BlackElo "1925"]
[PlyCount "65"]
[EventDate "2000.04.14"]
[EventType "swiss"]
[EventRounds "9"]
[EventCountry "GER"]
[SourceTitle "EXT 2006"]
[Source "ChessBase"]
[SourceDate "2005.11.24"]
[SourceVersion "1"]
[SourceVersionDate "2005.11.24"]
[SourceQuality "1"]

1. d4 Nf6 2. c4 g6 3. Nc3 d6 4. e4 Bg7 5. f3 0-0 6. Be3 c6 7. Qd2 e5 8. Nge2 a5 9. dxe5 dxe5 10. 0-0-0 Qxd2+ 11. Rxd2 Be6 12. b3 Nfd7 13. Kb2 Na6 14. Nc1 Rfd8 15. Be2 Ndc5 16. Rhd1 Bf6 17. Nd3 Nxd3+ 18. Rxd3 Rxd3 19. Rxd3 Be7 20. Na4 b5 21. cxb5 cxb5 22. Nb6 Rb8 23. Nd7 Rc8 24. Rd2 Bb4 25. Rd1 Bc3+ 26. Kb1 a4 27. Bxb5 axb3 28. axb3 Nb4 29. Nf6+ Kg7 30. Nd5 Bxd5 31. exd5 Rd8 32. d6 Kf6 33. d7 1-0

[Event "Niederrhein-ch"]
[Site "Niederrhein"]
[Date "1996.04.05"]
[Round "8"]
[White "Henneberger, Sven"]
[Black "Brueggemann, Juergen"]
[Result "1/2-1/2"]
[WhiteElo "1903"]
[BlackElo "1947"]
[PlyCount "30"]
[EventDate "1996.03.29"]
[EventType "swiss"]
[EventRounds "9"]
[EventCountry "GER"]
[SourceTitle "EXT 2006"]
[Source "ChessBase"]
[SourceDate "2005.11.24"]
[SourceVersion "1"]
[SourceVersionDate "2005.11.24"]
[SourceQuality "1"]

1. e4 c6 2. c4 d5 3. cxd5 cxd5 4. exd5 Nf6 5. d4 Nxd5 6. Nc3 e6 7. Nf3 Be7 8. Be2 0-0 9. 0-0 b6 10. Nxd5 exd5 11. Bd3 Ba6 12. Re1 Bf6 13. Bf4 Bxd3 14. Qxd3 Nc6 15. Ne5 Rc8 1/2-1/2

[Event "Niederrhein-ch"]
[Site "Niederrhein"]
[Date "1996.04.03"]
[Round "6"]
[White "Savic, Robert"]
[Black "Brueggemann, Juergen"]
[Result "1-0"]
[WhiteElo "1978"]
[BlackElo "1947"]
[PlyCount "81"]
[EventDate "1996.03.29"]
[EventType "swiss"]
[EventRounds "9"]
[EventCountry "GER"]
[SourceTitle "EXT 2006"]
[Source "ChessBase"]
[SourceDate "2005.11.24"]
[SourceVersion "1"]
[SourceVersionDate "2005.11.24"]
[SourceQuality "1"]

1. d4 Nf6 2. c4 e6 3. Nc3 Bb4 4. Qc2 0-0 5. a3 Bxc3+ 6. Qxc3 Ne4 7. Qc2 f5 8. Nf3 b6 9. g3 Bb7 10. Bg2 Nc6 11. 0-0 Ne7 12. Ng5 Nxg5 13. Bxb7 Rb8 14. Bg2 h6 15. h4 Nh7 16. e4 fxe4 17. Bxe4 Nf6 18. Bg2 c6 19. Bf4 Rb7 20. Bd6 b5 21. b3 Ne8 22. Bxe7 Qxe7 23. Rfe1 Qf7 24. Rad1 Nf6 25. Re3 Rfb8 26. d5 bxc4 27. dxe6 dxe6 28. Qxc4 Nd5 29. Rf3 Qe8 30. b4 a5 31. bxa5 Ra8 32. Rc1 Rxa5 33. Qxc6 Qxc6 34. Rxc6 Rb6 35. Rxb6 Nxb6 36. Bh3 e5 37. Be6+ Kh7 38. h5 g5 39. Rf7+ Kh8 40. Bf5 Rxa3 41. Rh7+ 1-0

[Event "Niederrhein-ch"]
[Site "Niederrhein"]
[Date "1996.04.01"]
[Round "4"]
[White "Brueggemann, Juergen"]
[Black "Nowik, Volker"]
[Result "0-1"]
[WhiteElo "1947"]
[BlackElo "2086"]
[PlyCount "124"]
[EventDate "1996.03.29"]
[EventType "swiss"]
[EventRounds "9"]
[EventCountry "GER"]
[SourceTitle "EXT 2006"]
[Source "ChessBase"]
[SourceDate "2005.11.24"]
[SourceVersion "1"]
[SourceVersionDate "2005.11.24"]
[SourceQuality "1"]

1. e4 d6 2. d4 g6 3. Nc3 c6 4. f4 d5 5. e5 h5 6. Nf3 Bg4 7. Be2 e6 8. Be3 Nh6 9. Qd2 Nf5 10. Bf2 Be7 11. 0-0-0 Qa5 12. Kb1 Nd7 13. g3 b5 14. Ka1 Rb8 15. Nb1 b4 16. b3 Qb6 17. h3 Bxf3 18. Bxf3 c5 19. dxc5 Bxc5 20. Bxc5 Nxc5 21. g4 Ng3 22. Rhg1 Nge4 23. Qd4 hxg4 24. hxg4 Rh2 25. Bxe4 Nxe4 26. Qxb6 Rxb6 27. Kb2 Rc6 28. Rc1 Nf2 29. Ka1 Nh3 30. Rh1 Rxh1 31. Rxh1 Nxf4 32. Kb2 a5 33. a3 Rc5 34. Rd1 Ne2 35. axb4 axb4 36. Rd2 Nc3 37. Rd4 Nxb1 38. Kxb1 Rb5 39. g5 Rb7 40. Rf4 Rb5 41. Kb2 d4 42. Rxd4 Rxe5 43. Rg4 Rb5 44. c3 bxc3+ 45. Kxc3 Ke7 46. Kc4 Rf5 47. b4 Kd6 48. Kd4 Kc6 49. Kc4 Kb6 50. Kd4 Kb5 51. Kd3 Rf1 52. Ke2 Rf5 53. Kd3 e5 54. Ke3 Ka4 55. Kd3 Kb5 56. Ke3 Kc6 57. Ke4 Kd6 58. Kd3 Kd5 59. Ke2 e4 60. Rg3 Kd4 61. Rb3 Rxg5 62. b5 Kc4 0-1

[Event "Niederrhein-ch"]
[Site "Niederrhein"]
[Date "1996.03.30"]
[Round "2"]
[White "Brueggemann, Juergen"]
[Black "Goerke, Joachim"]
[Result "1-0"]
[WhiteElo "1947"]
[BlackElo "1898"]
[PlyCount "97"]
[EventDate "1996.03.29"]
[EventType "swiss"]
[EventRounds "9"]
[EventCountry "GER"]
[SourceTitle "EXT 2006"]
[Source "ChessBase"]
[SourceDate "2005.11.24"]
[SourceVersion "1"]
[SourceVersionDate "2005.11.24"]
[SourceQuality "1"]

1. e4 e6 2. d4 d5 3. Nc3 Bb4 4. e5 Qd7 5. f4 b6 6. Nf3 Ba6 7. Bd3 Bxd3 8. Qxd3 Nc6 9. Bd2 Nge7 10. 0-0 Bxc3 11. Bxc3 0-0-0 12. b4 f5 13. b5 Nb8 14. a4 h6 15. a5 g5 16. axb6 cxb6 17. Bb4 Kb7 18. Qa3 Nc8 19. Bd6 Qxb5 20. Rfb1 Qa6 21. Bxb8 Qxa3 22. Rxa3 g4 23. Bxa7 Nxa7 24. Ne1 Nc6 25. Rab3 Nxd4 26. Rxb6+ Kc7 27. Rb7+ Kc8 28. Kf2 Nc6 29. Nd3 Rd7 30. Rxd7 Kxd7 31. Nc5+ Kc8 32. Nxe6 Re8 33. Nc5 Re7 34. Rb6 Nd8 35. Rd6 Rc7 36. Rxd5 Nb7 37. Nxb7 Rxc2+ 38. Ke3 Kxb7 39. Rd2 Rc4 40. g3 h5 41. Kd3 Ra4 42. Rc2 h4 43. e6 hxg3 44. hxg3 Ra6 45. Re2 Ra8 46. e7 Re8 47. Re6 Kc7 48. Kd4 Kd7 49. Kd5 1-0